| 000 | 00426nam a2200169Ia 4500 | ||
|---|---|---|---|
| 001 | 8152 | ||
| 003 | GE_BSU | ||
| 008 | 181216s||||||||xx |||||||||||||| ||und|| | ||
| 040 | _cGE_BSU | ||
| 245 | 4 | _aThe Economist, October 19th. 2013.Number 8858 | |
| 260 | _aParis | ||
| 260 | _c2013. | ||
| 300 | _a86pg;27sm. | ||
| 653 | _aThe Economist. October 19th. 2013. Number 8858 | ||
| 653 | _aპერიოდიკა | ||
| 942 | _cCR | ||
| 999 |
_c41485 _d41485 |
||